Nové ihriská na Kyneku a v Párovských hájoch

Bibliographic Details
Main Author: Synaková, Ľudmila (Author)
Format: Article
Language:Slovak
PhysicalDescription:Fotogr.
ISSN:1336-4685
Subjects:

MARC

LEADER 00000nab a2200000 a 4500
001 vtls009330003
003 SK-MaSNL
005 20260303101407.0
008 080904 2008 xo m 000 0 slo
038 |a NRKKK 
040 |a NRKKK  |b slo  |c NRKKK  |e AACR2 
041 0 |a slo 
044 |a xo  |c SK 
080 |a 725.84  |2 2001 
080 |a 796.02  |2 2001 
100 1 |a Synaková, Ľudmila  |4 aut  |9 266206 
245 1 0 |a Nové ihriská na Kyneku a v Párovských hájoch  |c Ľudmila Synaková 
300 |b Fotogr. 
650 0 7 |a ihriská  |2 snkbucl  |9 181037 
651 7 |a Kynek (Nitra, Slovensko)  |2 snkbucl  |9 256468 
651 7 |a Párovské Háje (Nitra, Slovensko)  |2 snkbucl  |9 256469 
773 0 |t Nitra  |g Roč. XXXIII., č. 9 (2008), s. 5  |x 1336-4685 
852 |a SNK  |b KIS3GCP 
999 |c 1838461  |d 1840391